| 000 | 00505pab a2200169 454500 | ||
|---|---|---|---|
| 008 | 180718b2005 xxu||||| |||| 00| 0 eng d | ||
| 100 | _aRidge, Tess | ||
| 245 | _aSupporting children? The impact of child support policies on children's wellbeing in the UK and Australia | ||
| 260 | _c2005 | ||
| 300 | _ap.121-42. | ||
| 362 | _aJan | ||
| 650 | _aChild welfare - Australia | ||
| 650 | _aChild welfare - Great Britain | ||
| 650 | _aChild welfare | ||
| 773 | _aJournal of Social Policy | ||
| 909 | _a66323 | ||
| 999 |
_c66323 _d66323 |
||